Technomics : The economics of technology and the computer industry
The computer industry has evolved so rapidly that there has been little time to quantify the major economic trends. Using well-researched data. Technomics offers clear and objective information on the economics of the data processing industry.
Αποθηκεύτηκε σε:
| Κύριος συγγραφέας: | |
|---|---|
| Μορφή: | Βιβλίο |
| Γλώσσα: | Undetermined |
| Έκδοση: |
Homewood
Dow Jones-Irwin
1986
|
| Θέματα: | |
| Ετικέτες: |
Προσθήκη ετικέτας
Δεν υπάρχουν, Καταχωρήστε ετικέτα πρώτοι!
|
| Thư viện lưu trữ: | Trung tâm Học liệu Trường Đại học Cần Thơ |
|---|
| LEADER | 00863nam a2200217Ia 4500 | ||
|---|---|---|---|
| 001 | CTU_228767 | ||
| 008 | 210402s9999 xx 000 0 und d | ||
| 082 | |a 338.47004 | ||
| 082 | |b I.57 | ||
| 100 | |a Inmon, William H. | ||
| 245 | 0 | |a Technomics : | |
| 245 | 4 | |b The economics of technology and the computer industry | |
| 245 | 0 | |c William H. Inmon | |
| 260 | |a Homewood | ||
| 260 | |b Dow Jones-Irwin | ||
| 260 | |c 1986 | ||
| 520 | |a The computer industry has evolved so rapidly that there has been little time to quantify the major economic trends. Using well-researched data. Technomics offers clear and objective information on the economics of the data processing industry. | ||
| 650 | |a Công nghiệp máy tính,Computer industry | ||
| 650 | |z Hoa Kỳ,United States | ||
| 910 | |b dqhieu | ||
| 980 | |a Trung tâm Học liệu Trường Đại học Cần Thơ | ||